| 000 | 01247ncm0a2200337 4500 | ||
|---|---|---|---|
| 001 | RU\NLR\ONIZ\208808 | ||
| 005 | 20250624194958.0 | ||
| 010 | _a5-93477-027-6 | ||
| 021 |
_aRU _b06-229 _906-10 |
||
| 035 | _aRU\NLR\ONIZ\GALA\5000020408\20150211115928 | ||
| 035 | _a(NLR Aleph) 010889676 | ||
| 090 |
_a10545413 _c10545413 |
||
| 100 | _a20150211d2006 |||y0rusy50 ca | ||
| 101 | 0 | _arus | |
| 102 | _aRU | ||
| 200 | 1 |
_aРок-соло на электрогитаре _bНоты _hЧ. 3 _eучеб. пособие _fС. Седых _gХобби-центр |
|
| 210 |
_aМосква _cСмолин К. О. _d2006 |
||
| 215 |
_a48 _d21 см |
||
| 606 | 1 |
_aРок-гитара _xИмпровизация _yРоссия _z20-21 век _jНоты _2nlr_sh |
|
| 686 |
_aЩ959.19(2Р=Рус) _vLBC/SL _2rubbk |
||
| 700 | 1 |
_9z01790 _aСедых _bС. В. _gСергей Владимирович _4070 |
|
| 790 | 1 |
_9z01700 _aSedy`x _bS. V. _gSergej Vladimirovich _4070 |
|
| 801 | 0 |
_aRU _bNLR _c20150211 _gPSBO |
|
| 801 | 1 |
_aRU _bNLR _c20150211 _2rusmarc |
|
| 801 | 2 |
_aRU _bNLR _c20190630 |
|
| 852 |
_aNLR _bМ _jК-2/4224(3) _pМОЭ 2006-10/229 _t1 |
||
| 852 |
_aNLR _bМ _jК-2/4224(3)а _pМОЭ 2006-10/229а _t2 |
||
| 942 | _cSCORE | ||
| 980 | _aNB | ||
| 980 | _aONIZ | ||